000 07593nas1a22006971 4500
001 RU\NLR\INFOCOMM19\1000095019
005 20041019131049.0
035 _a(NLR Aleph) 002315403
090 _a4338130
_c4338130
100 _a20041019c1978 u y0rusy50 ca
101 0 _arus
102 _aRU
110 _aayu||||0|y0
200 1 _aПроизводство игрушек
_eОбзор
_fЦНИИ информ. и техн.-экон. исслед. лег. пром-сти, ВНИИ игрушки
210 _aМ.
_d1978-
300 _aВ надзаг. также: М-во лег. пром-сти СССР
801 0 _aRU
_bNLR
_gPSBO
801 1 _aRU
_bInfoComm
_c20041019
852 _aNLR
_jП22/4836
942 _cJOURNAL
980 _aSCAN_REQUEST
980 _aNB
980 _aRUSPER